保定市知识测验 自然名胜部分 Baoding city quiz #1 - Statistics

General Stats
  • This quiz has been taken 15 times
  • The average score is 9 of 15
Answer Stats
问题 答案 % Correct
保定的车牌代码 冀F
92%
保定东部的大型湖泊(群) 白洋淀
85%
1941年,保定的这座山上发生了战士宁死不屈集体跳崖的悲壮事迹 狼牙山
85%
2023年7月底受到上述水系洪水灾情严重影响的县级行政区 涿州市
77%
发生诸多燕国故事的河流 易水(现称中易水)
77%
上述河流上游附近的皇帝陵寝群,5A景区 清西陵
77%
截至2024年,保定下辖的县级行政区(县级市、县、区)总数 24
77%
上述景区所在的县级行政区 涞水县
62%
出上述关口向西,能到位于太行深山盆地中的这座县城 涞源县
62%
上述河流上游的5A山区景区 野三坡景区
54%
除上述县外,保定西部的另一个位于太行山区省界上的县级行政区是 阜平县
54%
保定北部与北京交界处附近的水系 拒马河/南拒马河/北拒马河/白沟河
46%
上述地点再向西北,可到太行山蒲阴陉上的这座著名长城关隘 紫荆关
38%
注入上述湖泊的保定诸多河流中较大的(写其一即可) 潴龙河/唐河/孝义河/漕河/瀑河/府河
31%
上述河流有如此多燕国故事,原因是其流经该城池故址旁 燕下都(武阳城)
15%
No matching quizzes found
Score Distribution
Percent of People with Each Score
Percentile by Number Answered
Your Score History
You have not taken this quiz